| 000 | 00788nam a22002177a 4500 | ||
|---|---|---|---|
| 005 | 20140925153203.0 | ||
| 010 | _aENG-110907-908 | ||
| 020 |
_a9789351432333 (set of 2 vols.) _c2250.00(set of 2 vols.) |
||
| 020 |
_a9789351432692 (v.1) _c2250.00(set of 2 vols.) |
||
| 020 |
_a9789351432708(v.2) _c2250.00(set of 2 vols.) |
||
| 035 | _aEN-94439-440 | ||
| 037 | _bDBAD/PUB | ||
| 082 | _a343.540552 | ||
| 100 | _aRastogi, Abhishek A. | ||
| 245 |
_aProfessional's guide to service tax / _cby Abhishek A. Rastogi |
||
| 250 | _a3rd ed | ||
| 260 |
_aGurgaon _bLexis Nexis _c2014 |
||
| 270 |
_a14th Floor, Building No.10, Tower-B, DLF Cyber City, Phase-II _bGurgaon _e122002 |
||
| 300 |
_a2v.(lxxx,1329p.; lv, 1330-2695p.) _c25cm(pbk) |
||
| 942 |
_2ddc _cEN _mRAS _h343.540552 |
||
| 999 |
_c88822 _d88822 |
||